Les 10 meilleurs buteurs de la coupe du monde 2014 - Statistiques

Statistiques générales
  • Ce quiz a été pris 283 fois
  • Le résultat moyen est 5 sur 10
Statistiques - réponses
Buts Joueur % Correct
4 Messi
94%
5 Muller
88%
4 Neymar
74%
6 Rodriguez
73%
4 Van Persie
57%
3 Robben
56%
3 Shaqiri
9%
3 Valencia
6%
2 Cahill
3%
3 Schrulle
1%
Aucun quiz correspondant
Distribution des résultats
% des personnes avec chaque résultat
Percentile par nombre de réponses
Votre historique - résultats
Vous n’avez pas pris ce quiz